Vzory zmlúv, žalôb a podaní : úplné znenie použitých zákonov
Enregistré dans:
| Format: | Livre |
|---|---|
| Langue: | slovaque |
| Publié: |
Žilina :
Poradca,
2012
|
| Tags: |
Pas de tags, Soyez le premier à ajouter un tag!
|
MARC
| LEADER | 00000nam a22000003a 4500 | ||
|---|---|---|---|
| 001 | stu253848 | ||
| 005 | 20150408165445.9 | ||
| 008 | 120831s2012----xo------------------slo-d | ||
| 040 | |a STU |b slo | ||
| 041 | 0 | |a slo | |
| 044 | |a xo | ||
| 080 | |a 34 | ||
| 245 | |a Vzory zmlúv, žalôb a podaní : |b úplné znenie použitých zákonov | ||
| 260 | |a Žilina : |b Poradca, |c 2012 | ||
| 300 | |a 488 s | ||
| 996 | |b 284M084060 |c M*CD-2100 |l MMST |s P |a 0 |w stu253848_0001 | ||